000 00555nam a2200229Ia 4500
005 20250425161924.0
008 250425s9999 xx 000 0 und d
020 _a847114641X
041 _aspa
082 _a631.585
100 _aRESH, HOWARD M.
245 0 _aCULTIVOS HIDROPONICOS: NUEVAS TECNICAS DE PRODUCCION
250 _a4A ED.
260 _aEspaƱa
_bMUNDI PRENSA
_c1997
260 _aMADRID
300 _a508
650 _aAGRICULTURA
650 _aCULTIVOS HIDROPONICOS
650 _aNUTRIENTES
942 _c01
010 _a35054
999 _c218925
_d218925